| Tag |
First Indicator |
Second Indicator |
Subfields |
| LEADER |
00000pam a2200000 a 4500 |
| 001 |
in00000079702 |
| 005 |
20151008053954.0 |
| 008 |
801024s1981 nyua 00010 engm |
| 010 |
|
|
|a 80026402
|
| 020 |
|
|
|a 0812020332 :
|c $5.95
|
| 035 |
|
|
|a (OCoLC)06943576
|
| 035 |
|
|
|9 AAH9235AM
|
| 040 |
|
|
|a DLC
|c DLC
|d m.c.
|d TXA
|d UtOrBLW
|
| 043 |
|
|
|a n-us---
|
| 049 |
|
|
|a TXAM
|
| 050 |
0 |
0 |
|a JK716
|b .R49 1981
|
| 082 |
0 |
|
|a 353.003
|2 19
|
| 100 |
1 |
|
|a Riemer, Edwin.
|
| 245 |
1 |
0 |
|a Barron's how to prepare for civil service examinations :
|b clerks, typists, stenographers, general office positions /
|c by Edwin Riemer and Louis Liebling.
|
| 250 |
|
|
|a 4th ed.
|
| 264 |
|
1 |
|a Woodbury, N.Y. :
|b Barron's Educational Series,
|c [1981]
|
| 264 |
|
4 |
|c ©1981
|
| 300 |
|
|
|a xi, 397 pages :
|b illustrations ;
|c 28 cm.
|
| 336 |
|
|
|a text
|b txt
|2 rdacontent
|
| 337 |
|
|
|a unmediated
|b n
|2 rdamedia
|
| 338 |
|
|
|a volume
|b nc
|2 rdacarrier
|
| 650 |
|
0 |
|a Civil service
|z United States
|x Examinations.
|
| 700 |
1 |
|
|a Liebling, Louis.
|
| 740 |
0 |
|
|a How to prepare for civil service examinations.
|
| 999 |
|
|
|a MARS
|
| 999 |
f |
f |
|s 50efff4e-2a83-33a8-8cbe-01317d00b48c
|i 550c3eca-c8f4-33eb-9eb3-b6044ad86b89
|t 0
|
| 952 |
f |
f |
|p normal
|a Texas A&M University
|b College Station
|c Sterling C. Evans Library
|d Evans: Library Stacks
|t 0
|e JK716 .R49 1981
|h Library of Congress classification
|i unmediated -- volume
|m A14811081595
|
| 998 |
f |
f |
|a JK716 .R49 1981
|t 0
|l Evans: Library Stacks
|